Clickable Sporcle Quiz Show: Geography Stats

 Plays Quiz Updated Sep 9, 2016

Score 0/30 Timer 06:00
9 Plays Today
% Correct
JAPAN
92.2%
ROME
91.5%
AMSTERDAM
90.4%
PACIFIC
90.4%
REYKJAVIK
89.4%
PRINCE EDWARD
ISLAND
88.6%
QUEBEC
88.6%
MONACO
87.8%
MEXICO
87.4%
ISRAEL
87.4%
UNITED STATES
86.4%
BRAZIL
85.8%
PODGORICA
85.4%
IVORY COAST
85%
TANZANIA
84.7%
% Correct
SWITZERLAND-ITALY
BORDER
84.5%
COLOMBIA
84.1%
NEPAL-CHINA
BORDER
83.3%
LEBANON
81.9%
BHUTAN
80.7%
ATLANTIC
77.7%
OSLO
77.4%
COSTA RICA
77.3%
INDIAN
74.4%
PAKISTAN-CHINA
BORDER
73.8%
MANITOBA
73%
SOUTHERN
71.4%
SASKATCHEWAN
70.3%
ONTARIO
67.6%
ARCTIC
62.9%

You're not logged in!

Compare scores with friends on all Sporcle quizzes.
OR
Log In

You Might Also Like...

Show Comments

Extras

Top Quizzes Today


Score Distribution

Your Account Isn't Verified!

In order to create a playlist on Sporcle, you need to verify the email address you used during registration. Go to your Sporcle Settings to finish the process.

Report this User

Report this user for behavior that violates our Community Guidelines.

Details: